fast typing- A to Z twice - Statistics

General Stats
  • This quiz has been taken 141 times
  • The average score is 31 of 52
Answer Stats
Answer % Correct
A
100%
B
92%
C
92%
D
90%
E
88%
F
88%
G
88%
H
88%
I
87%
J
87%
K
83%
L
83%
M
83%
N
81%
O
81%
P
81%
Q
79%
R
79%
S
79%
T
79%
U
79%
V
75%
W
75%
X
69%
Y
67%
Z
65%
A
60%
B
58%
C
58%
D
56%
E
54%
F
54%
G
50%
H
46%
I
44%
J
44%
K
44%
L
42%
M
42%
N
38%
O
35%
P
33%
Q
33%
R
31%
S
29%
T
29%
U
27%
V
25%
W
19%
X
19%
Y
17%
Z
17%
No matching quizzes found
Score Distribution
Percent of People with Each Score
Percentile by Number Answered
Your Score History
You have not taken this quiz